Пословици и поговорки от цял свят (Запис номер 545196)
[ съкратено ]
| 000 -Лидер | |
|---|---|
| Контролно поле с фиксирана дължина | 01086nam a22002657a 4500 |
| 003 - Код на организацията, давaща контролен номер | |
| Контролно поле | BLK |
| 005 - Дата и час на последна редакция | |
| Контролно поле | 20250711144517.0 |
| 008 - Елементи от данни с фиксирана дължина | |
| fixed length control field | 181206b bu ||||gr|||| 00| 0 bu d |
| 020 ## - Международен стандартен номер на книга ISBN | |
| Международен стандартен номер на книга ISBN | 9786192601966 |
| 040 ## - Източник на каталожния запис | |
| Идентификатор на билиотеката - собственик на записа | BLK |
| 041 ## - Код за език | |
| Код за езика на текст/звукозапис или на отделно заглавие | Български |
| Код за езика КДБФ | Български |
| 080 ## - УДК | |
| Текстов определител УДК | Литература на отделни езици и езикови семейства |
| УДК код - определител по УДК | 821 |
| УДК определител | -93-84 |
| УДК - код + определител | 821-93-84 |
| 139 ## - Редно поле | |
| Авторски знак | Пос - П 80 |
| 245 ## - Сведения за заглавието | |
| Заглавие | Пословици и поговорки от цял свят |
| Подзаглавни данни | Хилядолетната мъдрост на народите |
| Редно поле (дума) | състав. Александра Танева |
| 257 ## - Страна на издаване | |
| Страна на създаване/издаване | България |
| 260 ## - Област на издателските данни | |
| 9 (RLIN) | 210029 |
| Място на издаване, разпространение и проч. | София |
| Име на издателя, разпространителя и проч. | СКОРПИО |
| Година на издаване | 2025 |
| Издателство - префикс ISBN | 978-954-792- ; 954-90825- |
| 300 ## - Физическа характеристика | |
| Страници | 304 с. |
| Размери/Мащаб | 22 см |
| 380 ## - Жанр | |
| Жанр | Детска худож. лит. |
| 490 ## - СЕРИИ (Колекции) | |
| 9 (RLIN) | 202171 |
| Име на серия | Библиотека на ученика |
| 490 ## - СЕРИИ (Колекции) | |
| 9 (RLIN) | 202177 |
| Име на серия | Световна класика за деца и юноши |
| 700 ## - Други автори (авторска отговорност) | |
| 9 (RLIN) | 379653 |
| Лично име | Танева, Александра Антонова |
| Автороска отговорност (Описва отношението между автора и произведението) | състав. |
| 942 ## - АРТИКУЛИ | |
| Вид на библиотечния материал | Книги |
| Скрит в OPAC | Не |
| Периодичен библиозапис | Да |
| 944 ## - СЪЗДАВАНЕ И РЕДАКЦИЯ на ЗАПИСА | |
| Дата на регистрацията/редакция | Нора Радева |
| Служител, извършил регистрацията/редакцията | 30545 |
| Статус, дата на статуса | Нора Радева |
| 999 ## - СИСТЕМНИ КОНТРОЛНИ НОМЕРА | |
| Koha biblionumber | 545196 |
| Koha biblioitemnumber | 545196 |
| 999 ## - СИСТЕМНИ КОНТРОЛНИ НОМЕРА | |
| Koha biblioitemnumber | 545196 |
Няма налични копия.